Изучение влияния новых полимерных присадок на агрегативную устойчивость нефти; Химия и химическая технология в XXI веке

Dettagli Bibliografici
Parent link:Химия и химическая технология в XXI веке.— 2016.— [С. 317-318]
Autore principale: Асатурян Д. Э.
Ente Autore: Национальный исследовательский Томский политехнический университет (ТПУ) Институт природных ресурсов (ИПР) Кафедра химической технологии топлива и химической кибернетики (ХТТ)
Altri autori: Литвинец И. В. (научный руководитель), Ушева Н. В. Наталья Викторовна, Лоскутова Ю. В.
Riassunto:Заглавие с экрана
Lingua:russo
Pubblicazione: 2016
Serie:Технология и моделирование процессов подготовки и переработки углеводородного сырья
Soggetti:
Accesso online:http://earchive.tpu.ru/handle/11683/30660
Natura: MixedMaterials Elettronico Capitolo di libro
KOHA link:https://koha.lib.tpu.ru/cgi-bin/koha/opac-detail.pl?biblionumber=618817

MARC

LEADER 00000naa2a2200000 4500
001 618817
005 20231101133030.0
035 |a (RuTPU)RU\TPU\conf\17209 
035 |a RU\TPU\conf\17208 
090 |a 618817 
100 |a 20160617d2016 k y0rusy50 ca 
101 0 |a rus 
102 |a RU 
105 |a y z 101zy 
135 |a drcn ---uucaa 
181 0 |a i  
182 0 |a b 
200 1 |a Изучение влияния новых полимерных присадок на агрегативную устойчивость нефти  |f Д. Э. Асатурян, И. В. Литвинец  |g науч. рук. Н. В. Ушева, Ю. В. Лоскутова 
203 |a Текст  |c электронный 
225 1 |a Технология и моделирование процессов подготовки и переработки углеводородного сырья 
230 |a 1 компьютерный файл (pdf; 552 Kb) 
300 |a Заглавие с экрана 
463 0 |0 (RuTPU)RU\TPU\conf\17060  |t Химия и химическая технология в XXI веке  |o материалы XVII Международной научно-практической конференции студентов и молодых ученых имени профессора Л.П. Кулёва, посвященной 120-летию Томского политехнического университета, 17–20 мая 2016 г., г. Томск  |f Национальный исследовательский Томский политехнический университет (ТПУ) ; Институт природных ресурсов (ИПР) ; Институт физики высоких технологий (ИФВТ) ; Физико-технический институт (ФТИ) ; Сибур-Холдинг  |v [С. 317-318]  |d 2016 
610 1 |a труды учёных ТПУ 
610 1 |a электронный ресурс 
610 1 |a нефтяные месторождения 
610 1 |a полимерные присадки 
610 1 |a агрегативная устойчивость 
610 1 |a нефтяные отложения 
610 1 |a нефтепромысловое оборудование 
700 1 |a Асатурян  |b Д. Э. 
701 1 |a Литвинец  |b И. В. 
702 1 |a Ушева  |b Н. В.  |c химик-технолог  |c доцент Томского политехнического университета, кандидат химических наук  |f 1948-  |g Наталья Викторовна  |2 stltpush  |4 727 
702 1 |a Лоскутова  |b Ю. В.  |4 727 
712 0 2 |a Национальный исследовательский Томский политехнический университет (ТПУ)  |b Институт природных ресурсов (ИПР)  |b Кафедра химической технологии топлива и химической кибернетики (ХТТ)  |h 105  |2 stltpush  |3 (RuTPU)RU\TPU\col\18665 
801 2 |a RU  |b 63413507  |c 20160705  |g RCR 
856 4 |u http://earchive.tpu.ru/handle/11683/30660 
942 |c BK